| 000 | 00568cam a22001937a 4500 | ||
|---|---|---|---|
| 003 | OSt | ||
| 005 | 20171019155949.0 | ||
| 008 | 171019s2009 sp a | |||| 000 0 cat d | ||
| 020 | _a9788492406838 | ||
| 040 |
_aSpMaBN _bcat _cCDMR |
||
| 100 | 1 |
_aSolanes, Ramon _d1926- |
|
| 245 | 1 | 3 |
_aLa tele sota Franco _b: l'aventura de Miramar _cRamon Solanes |
| 250 | _a1ª ed. | ||
| 260 |
_aBadalona _bAra Llibres _c2009 |
||
| 300 |
_a174 p. _bil. _c24 cm |
||
| 650 | 0 | 7 |
_aTelevisió _zCatalunya _2embne _91116 _xHistòria |
| 650 | 4 |
_aPeriodistes catalans _93139 _vBiografia |
|
| 942 | _cMON | ||
| 999 |
_c7067 _d7067 |
||